00629nam a22001817a 4500003000400000005001700004008004100021017004500062020001800107040001400125100004400139245010600183260002900289300002500318650002900343650004200372700003300414OSt20150414172327.0150108s2014 spc|||| |||| 0|0 0 spa|d aDL B 24212-2014bBiblioteca de Catalunya a9788421006795 bcatcCDMR1 aCaparrós Lera, José María,d1943-10aCinema, historia, religión cJ.M. Caparrós Lera, Ferran Blasi Birbe ; prólogo de Peio Sánchez aBarcelona bBalmesc2014 a170 p. bil. c14 cm 7aCinema històric2lemac 7aReligió en la cinematografia2lemac1 aBlasi i Birbe, Ferrand1929-